000 01725nam0a2200385 4500
001 RU\NLR\bibl\1828455
005 20250616163442.0
010 _a978-5-905279-72-0
_93000
021 _aRU
_b2011-77406
_95507
035 _a(nilc)RSL-KNO-005034645
035 _a(NLR Aleph) 001818970
090 _a1978460
_c1978460
100 _a20111010d2011 |||y0rusy50 ca
101 0 _arus
102 _aRU
105 _aa |||||||||
200 1 _aЮным умникам и умницам
_e[информатика, логика, математика]
_eкурс по развитию познавательных способностей (9-10 лет)
_eметодическое пособие для 4 класса
_fО.А. Холодова
205 _aИзд. 3-е, испр.
210 _aМосква
_cРОСТ
_d2011
215 _a220 с.
_cил.
_d21
225 1 _aРазвитие познавательных способностей
225 1 _aКурс "РПС"
300 _aНа обороте тит. л. авт.: О.А. Холодова, лауреат конкурса "Грант Москвы" в обл. наук и технологий в сфере образования
320 _aБиблиогр.: с. 131
606 1 _aСпособности у детей
_jМетодические пособия
_xВоспитание
_xНачальная школа
_92442185
_3RU\NLR\auth\661452776
686 _aЧ421,6(2)221.5,0
_2rubbk
686 _aЧ421.204,01я8
700 1 _aХолодова
_bО. А.
_4070
801 0 _aRU
_bRuMoRKP
_c20111010
_grcr
801 1 _aRU
_bРГБ
_c20111010
801 2 _aRU
_bNLR
_c20111102
_grcr
942 _cBOOK
980 _aNB
980 _aNBR